| 000 | nam a22 a 4500 | ||
|---|---|---|---|
| 999 |
_c174575 _d174575 |
||
| 003 | BLK | ||
| 005 | 20220629151644.0 | ||
| 008 | 180411b bul|||||r ||||||| ||bul|| | ||
| 010 | _aKNG00183067000 | ||
| 040 | _aBLK | ||
| 041 |
_aBUL _cBUL |
||
| 080 |
_aФорми на релефа, създадени от най-новите движения и вулканически процеси. Планини и платформени равнини - Планински релеф на геосинклинални области, на активизирани платформи, вулканичен релеф, р _b551.432 _x(02.062) _z551.432(02.062) |
||
| 100 | 1 |
_aЦанков, Цанко Василев _eпърви автор _9370801 |
|
| 139 |
_aЦанков, Цанко Василев _bЦ 17 |
||
| 245 | 1 | 0 |
_aРаждането на планините _cЦанко Василев Цанков. |
| 257 | _aBGR | ||
| 260 |
_bНаука и изкуство _c1971 _fПлевен : Ал. Пъшев _aСофия |
||
| 300 |
_a108 с. _bс ил., портр., к. + 1 л. к. _c21 см |
||
| 380 | _a5 | ||
| 490 |
_aБиблиотека Геология и биология _9206199 |
||
| 650 | 4 |
_aПланини - популярна литература _9255498 |
|
| 650 | 4 |
_aПланини - България _9261565 |
|
| 852 | _aЦб 59312 | ||
| 856 | 4 | _qpdf | |
| 856 | 4 | _qpdf | |
| 942 |
_cKNG _n0 _s1 |
||
| 944 |
_aCR _c01.10.2015 _kКети_Илиева |
||
| 944 |
_aED _c21.09.2017 _kНаталия_Любомирова |
||
| 999 | _d174575 | ||